[Event "Steinfurt Bezirksklasse 1011"]
[Site "Germany"]
[Date "2011.02.26"]
[Round "7.7"]
[White "Krueler, Mario"]
[Black "Roos, Philipp"]
[Result "1-0"]
[WhiteElo "954"]
[BlackElo "1270"]
[PlyCount "51"]
[EventDate "2010.09.25"]
[EventType "team-tourn"]
[EventRounds "9"]
[EventCountry "GER"]
[SourceTitle "EXT 2012"]
[Source "ChessBase"]
[SourceDate "2011.11.24"]
[SourceVersion "1"]
[SourceVersionDate "2011.11.24"]
[SourceQuality "1"]
[WhiteTeam "Steinfurt IV"]
[BlackTeam "Saerbeck III"]
[WhiteTeamCountry "GER"]
[BlackTeamCountry "GER"]

1. e4 e5 2. Nf3 Nc6 3. Bc4 Bc5 4. d3 Nf6 5. Nc3 0-0 6. Bg5 h6 7. Bh4 b6 8. Nd5 Be7 9. Nxe7+ Qxe7 10. Bd5 Bb7 11. 0-0 Rab8 12. Qd2 Nb4 13. Bxb7 Rxb7 14. Nxe5 Qxe5 15. Qxb4 a5 16. Bxf6 Qxf6 17. Qc3 Qe7 18. Rfe1 c5 19. b3 Qg5 20. Qc4 d6 21. Re3 Kh7 22. Qd5 Qe7 23. Rae1 f6 24. f4 g5 25. e5 Rc7 26. exd6 1-0

[Event "Steinfurt Bezirksklasse 1011"]
[Site "Germany"]
[Date "2011.01.15"]
[Round "5.6"]
[White "Roos, Philipp"]
[Black "Fechner, Florian"]
[Result "1-0"]
[WhiteElo "1270"]
[BlackElo "1134"]
[PlyCount "46"]
[EventDate "2010.09.25"]
[EventType "team-tourn"]
[EventRounds "9"]
[EventCountry "GER"]
[SourceTitle "EXT 2012"]
[Source "ChessBase"]
[SourceDate "2011.11.24"]
[SourceVersion "1"]
[SourceVersionDate "2011.11.24"]
[SourceQuality "1"]
[WhiteTeam "Saerbeck III"]
[BlackTeam "Ibbenbueren III"]
[WhiteTeamCountry "GER"]
[BlackTeamCountry "GER"]

1. d4 d5 2. c4 dxc4 3. Nc3 Nf6 4. e4 e6 5. Bg5 Be7 6. Bxc4 Nxe4 7. Bxe7 Qxe7 8. Nf3 Qb4 9. Qa4+ Qxa4 10. Nxa4 a6 11. Bd3 f5 12. Nc5 Nxc5 13. dxc5 Bd7 14. b4 Bc6 15. Ne5 Bd5 16. a4 0-0 17. 0-0 Nc6 18. Nxc6 Bxc6 19. Rab1 Rfd8 20. Rfd1 Rd7 21. Kf1 Rad8 22. Be2 Bxa4 23. Rxd7 Rxd7 1-0

[Event "Steinfurt Bezirksklasse 0910"]
[Site "Germany"]
[Date "2010.02.06"]
[Round "4.4"]
[White "Roos, Philipp"]
[Black "Dau, Dietmar"]
[Result "0-1"]
[WhiteElo "1326"]
[BlackElo "1333"]
[PlyCount "68"]
[EventDate "2009.09.26"]
[EventType "team-tourn"]
[EventRounds "7"]
[EventCountry "GER"]
[SourceTitle "EXT 2011"]
[Source "ChessBase"]
[SourceDate "2010.11.26"]
[SourceVersion "1"]
[SourceVersionDate "2010.11.26"]
[SourceQuality "1"]
[WhiteTeam "Saerbeck III"]
[BlackTeam "Ibbenbueren III"]
[WhiteTeamCountry "GER"]
[BlackTeamCountry "GER"]

1. d4 d5 2. c4 e6 3. Nc3 Nf6 4. Bg5 Be7 5. Nf3 h6 6. Bf4 Nc6 7. c5 a6 8. e3 b5 9. a3 0-0 10. b4 Ne8 11. Bd3 f5 12. h4 Nf6 13. Nh2 Ne4 14. Bxe4 fxe4 15. Qg4 e5 16. Qh5 exf4 17. Ng4 Bxg4 18. Qxg4 Kh8 19. exf4 Bf6 20. Rd1 Bxd4 21. Nb1 Bf6 22. g3 d4 23. 0-0 Re8 24. Rfe1 Qe7 25. Nd2 e3 26. fxe3 dxe3 27. Nb1 Rad8 28. Rc1 Nd4 29. Nc3 e2 30. Kg2 Qe3 31. a4 bxa4 32. Nxa4 Qe4+ 33. Kf2 Nc2 34. Rxe2 Bd4+ 0-1

[Event "Steinfurt Bezirksklasse 0809"]
[Site "Germany"]
[Date "2009.05.02"]
[Round "7.5"]
[White "Roos, Philipp"]
[Black "Nattkaemper, Johann"]
[Result "1-0"]
[WhiteElo "1309"]
[BlackElo "1189"]
[PlyCount "38"]
[EventDate "2008.09.13"]
[EventType "team-tourn"]
[EventRounds "7"]
[EventCountry "GER"]
[SourceTitle "EXT 2010"]
[Source "ChessBase"]
[SourceDate "2010.11.25"]
[SourceVersion "1"]
[SourceVersionDate "2010.11.25"]
[SourceQuality "1"]
[WhiteTeam "Saerbeck III"]
[BlackTeam "Ibbenbueren III"]
[WhiteTeamCountry "GER"]
[BlackTeamCountry "GER"]

1. d4 d5 2. c4 dxc4 3. Nc3 e6 4. e4 Bb4 5. Qa4+ Nc6 6. Nf3 Bxc3+ 7. bxc3 Bd7 8. Qxc4 Nf6 9. Bg5 h6 10. Bh4 g5 11. Nxg5 hxg5 12. Bxg5 Rg8 13. h4 e5 14. f4 Na5 15. Qb4 Nc6 16. Qc5 b6 17. Qa3 Rxg5 18. hxg5 Qe7 19. Rh8+ Ng8 1-0

[Event "Steinfurt Kreisklasse 0607"]
[Site "Germany"]
[Date "2006.11.18"]
[Round "3.1"]
[White "Roos, Philipp"]
[Black "Naber, Carsten"]
[Result "1-0"]
[WhiteElo "1288"]
[BlackElo "733"]
[PlyCount "41"]
[EventDate "2006.09.23"]
[EventType "team-tourn"]
[EventRounds "10"]
[EventCountry "GER"]
[SourceTitle "EXT 2008"]
[Source "ChessBase"]
[SourceDate "2007.11.25"]
[SourceVersion "1"]
[SourceVersionDate "2007.11.25"]
[SourceQuality "1"]
[WhiteTeam "Saerbeck IV"]
[BlackTeam "Neuenkirchen III"]
[WhiteTeamCountry "GER"]
[BlackTeamCountry "GER"]

1. d4 d5 2. c4 Nf6 3. Nc3 Bf5 4. Bf4 Na6 5. e3 e6 6. a3 Qd7 7. c5 Be7 8. c6 Qxc6 9. Bb5 Nb8 10. Bxc6+ Nxc6 11. Nf3 Bg4 12. 0-0 0-0 13. h3 Bf5 14. Nh4 Be4 15. Nxe4 Nxe4 16. g3 e5 17. dxe5 Bg5 18. Qxd5 Bxh4 19. gxh4 Rad8 20. Qxe4 Rd4 21. exd4 1-0

[Event "Steinfurt Kreisklasse 0607"]
[Site "Germany"]
[Date "2006.10.21"]
[Round "2.1"]
[White "Scheffer, Arne"]
[Black "Roos, Philipp"]
[Result "1/2-1/2"]
[WhiteElo "1460"]
[BlackElo "1288"]
[PlyCount "58"]
[EventDate "2006.09.23"]
[EventType "team-tourn"]
[EventRounds "10"]
[EventCountry "GER"]
[SourceTitle "EXT 2008"]
[Source "ChessBase"]
[SourceDate "2007.11.25"]
[SourceVersion "1"]
[SourceVersionDate "2007.11.25"]
[SourceQuality "1"]
[WhiteTeam "Rheine SG II"]
[BlackTeam "Saerbeck IV"]
[WhiteTeamCountry "GER"]
[BlackTeamCountry "GER"]

1. d4 Nf6 2. f4 d5 3. Nf3 Bf5 4. e3 e6 5. Bd3 Bg6 6. 0-0 Bd6 7. Qe2 0-0 8. Nbd2 c5 9. Bxg6 fxg6 10. Ne5 Qe8 11. c3 Nc6 12. Kh1 c4 13. e4 Bxe5 14. fxe5 Nxe4 15. Rxf8+ Qxf8 16. Nxe4 dxe4 17. Be3 b5 18. Rf1 Qe7 19. Qg4 Rf8 20. Rxf8+ Kxf8 21. Qxe4 Qd7 22. b3 a5 23. bxc4 bxc4 24. Bc1 Kg8 25. Ba3 Qf7 26. Kg1 Ne7 27. Bxe7 Qxe7 28. Qa8+ Qf8 29. Qxa5 Qb8 1/2-1/2

[Event "Steinfurt Bezirkspokal-D"]
[Site "Germany"]
[Date "2005.12.28"]
[Round "2"]
[White "Roos, Bastian"]
[Black "Roos, Philipp"]
[Result "0-1"]
[WhiteElo "1287"]
[BlackElo "1288"]
[PlyCount "76"]
[EventDate "2005.??.??"]
[EventType "k.o."]
[EventRounds "3"]
[EventCountry "GER"]
[SourceTitle "EXT 2007"]
[Source "ChessBase"]
[SourceDate "2006.11.23"]
[SourceVersion "1"]
[SourceVersionDate "2006.11.23"]
[SourceQuality "1"]

1. e4 Nc6 2. d4 d5 3. Bb5 e6 4. e5 Bd7 5. Nf3 a6 6. Bxc6 Bxc6 7. Bg5 f6 8. exf6 Nxf6 9. Ne5 Bb5 10. a4 Bd7 11. Nxd7 Qxd7 12. Bxf6 gxf6 13. Qh5+ Qf7 14. Qxf7+ Kxf7 15. 0-0 Rg8 16. Nd2 Bd6 17. c4 b6 18. cxd5 exd5 19. Rac1 Bf4 20. Rc2 f5 21. Nf3 Rac8 22. b4 b5 23. axb5 axb5 24. Re1 Bd6 25. Rec1 Rge8 26. Nh4 Ke6 27. Re1+ Kf7 28. Rxe8 Rxe8 29. g3 Re1+ 30. Kg2 Ke6 31. Rb2 Rc1 32. Nf3 Rc4 33. Re2+ Kf7 34. Kf1 Rxb4 35. Ke1 Rb3 36. Nh4 Bb4+ 37. Kd1 Rd3+ 38. Kc2 Rxd4 0-1

[Event "Steinfurt Bezirksklasse 0405"]
[Site "Germany"]
[Date "2005.05.28"]
[Round "11.4"]
[White "Roos, Philipp"]
[Black "Shefquet, Ademi"]
[Result "1/2-1/2"]
[WhiteElo "1245"]
[BlackElo "1562"]
[PlyCount "45"]
[EventDate "2004.09.18"]
[EventType "team-tourn"]
[EventRounds "11"]
[EventCountry "GER"]
[SourceTitle "EXT 2006"]
[Source "ChessBase"]
[SourceDate "2005.11.24"]
[SourceVersion "1"]
[SourceVersionDate "2005.11.24"]
[SourceQuality "1"]
[WhiteTeam "Saerbeck IV"]
[BlackTeam "Rheine CC"]
[WhiteTeamCountry "GER"]
[BlackTeamCountry "GER"]

1. d4 b6 2. e4 Bb7 3. Nc3 g6 4. Bc4 Bg7 5. Nf3 e6 6. 0-0 Nf6 7. d5 exd5 8. exd5 0-0 9. Bg5 h6 10. Bxf6 Qxf6 11. Qd3 d6 12. Rfe1 Nd7 13. Rad1 Nc5 14. Qd4 Qxf3 15. Qxg7+ Kxg7 16. gxf3 a6 17. b4 Nd7 18. a4 Ne5 19. Be2 a5 20. b5 Rae8 21. f4 Nd7 22. Bf3 Nf6 23. Kf1 1/2-1/2

[Event "Muensterland Verbandsklasse-B 0405"]
[Site "Muensterland"]
[Date "2004.09.11"]
[Round "1.6"]
[White "Emming, Benedikt"]
[Black "Roos, Philipp"]
[Result "1-0"]
[WhiteElo "1757"]
[BlackElo "1208"]
[PlyCount "77"]
[EventDate "2004.09.11"]
[EventType "team"]
[EventRounds "9"]
[EventCountry "GER"]
[SourceTitle "EXT 2006"]
[Source "ChessBase"]
[SourceDate "2005.11.24"]
[SourceVersion "1"]
[SourceVersionDate "2005.11.24"]
[SourceQuality "1"]
[WhiteTeam "Suedlohn II"]
[BlackTeam "Saerbeck II"]
[WhiteTeamCountry "GER"]
[BlackTeamCountry "GER"]

1. e4 e5 2. Nf3 Nc6 3. Bb5 Nge7 4. 0-0 d6 5. d4 exd4 6. Nxd4 Bd7 7. Nc3 g6 8. Nxc6 Bxc6 9. Qd4 Rg8 10. Bg5 Qd7 11. a4 Bg7 12. Bf6 Bxf6 13. Qxf6 Qe6 14. Qh4 h5 15. Bxc6+ Nxc6 16. Nd5 Rc8 17. Nf6+ Kf8 18. Nxg8 Kxg8 19. f3 Nb4 20. Qf2 c5 21. Qd2 Kh7 22. Rfd1 Rd8 23. c3 Nc6 24. Qd5 Qe7 25. Rd2 Kg8 26. Rad1 Kf8 27. Qc4 Na5 28. Qe2 f6 29. b4 cxb4 30. cxb4 Nc6 31. b5 Na5 32. Rd5 Qc7 33. Qd2 Qb6+ 34. Kh1 Ke7 35. Qc3 Ke6 36. Rc1 Qf2 37. Qc7 Rd7 38. Qxa5 b6 39. Qd2 1-0

[Event "Steinfurt Kreisklasse 0203"]
[Site "Germany"]
[Date "2002.12.07"]
[Round "4.5"]
[White "Scholz, Werner"]
[Black "Roos, Philipp"]
[Result "1/2-1/2"]
[WhiteElo "1155"]
[BlackElo "992"]
[PlyCount "45"]
[EventDate "2002.09.21"]
[EventType "team-tourn"]
[EventRounds "10"]
[EventCountry "GER"]
[SourceTitle "EXT 2005"]
[Source "ChessBase"]
[SourceDate "2004.11.15"]
[SourceVersion "1"]
[SourceVersionDate "2004.11.15"]
[SourceQuality "1"]
[WhiteTeam "Rheine SG II"]
[BlackTeam "Saerbeck Falke IV"]
[WhiteTeamCountry "GER"]
[BlackTeamCountry "GER"]

1. d4 d5 2. Nc3 Nf6 3. Nf3 Nc6 4. Bg5 e6 5. e3 Bd7 6. Bb5 a6 7. Bxc6 Bxc6 8. 0-0 Be7 9. Re1 0-0 10. a3 Ne4 11. Bxe7 Nxc3 12. Bxd8 Nxd1 13. Raxd1 Raxd8 14. Rd3 Rfe8 15. Rc3 Re7 16. Ne5 Rd6 17. Rc5 f6 18. Nd3 b6 19. Rc3 e5 20. dxe5 fxe5 21. Nb4 Bb5 22. f3 a5 23. Nd3 1/2-1/2

[Event "NRW-Ferienturnier U16"]
[Site "Wewelsburg"]
[Date "2001.08.18"]
[Round "7"]
[White "Berg, Lauritz"]
[Black "Roos, Philipp"]
[Result "1-0"]
[WhiteElo "1361"]
[BlackElo "992"]
[PlyCount "39"]
[EventDate "2001.08.??"]
[EventType "swiss"]
[EventRounds "7"]
[EventCountry "GER"]
[SourceTitle "EXT 2003"]
[Source "ChessBase"]
[SourceDate "2002.11.25"]
[SourceVersion "1"]
[SourceVersionDate "2002.11.25"]
[SourceQuality "1"]

1. d4 d5 2. c4 e6 3. Nc3 Nf6 4. Bg5 Be7 5. Nf3 Nc6 6. e3 0-0 7. Bd3 Bd7 8. Bxf6 Bxf6 9. cxd5 Nb4 10. Be4 exd5 11. Bxd5 c6 12. Bb3 Qb6 13. 0-0 c5 14. dxc5 Qc7 15. h3 Na6 16. Nd5 Qd8 17. Nxf6+ gxf6 18. Bc2 Kh8 19. Qd3 f5 20. b4 1-0